00337nam a2200121Ia 4500008004100000041000800041082001700049100001700066245004500083260004400128300003200172365001100204240624s9999 xx 000 0 und d aeng a658.4022 RON aROND MARK DE aTHERE IS AN I IN TEAM WHAT ELITE ATHLETE c2012aNew DelhibHarvard Business Press axxii, : 184 : p. : cm. ; 23 cRSb38